00280nam a2200109Ia 4500008004100000100002200041245003100063260000900094300003300103440002400136650001000160180117s9999 xx 000 0 und d aby Ana Valenzuela aWriting a Novel in a Month c2017 a8-10 pages, 2017 November 12 aPhilippine Panorama aNOVEL